[Event "Hamburg-ch qual"]
[Site "Hamburg"]
[Date "2003.11.09"]
[Round "5.9"]
[White "Schulz, Hans Juergen"]
[Black "Broschk, Matthias"]
[Result "1/2-1/2"]
[WhiteElo "2093"]
[BlackElo "1735"]
[PlyCount "76"]
[EventDate "2003.10.18"]
[EventType "swiss"]
[EventRounds "7"]
[EventCountry "GER"]
[EventCategory "1"]
[SourceTitle "CBM 097 Extra"]
[Source "ChessBase"]
[SourceDate "2004.01.13"]
[SourceVersion "1"]
[SourceVersionDate "2004.01.13"]
[SourceQuality "1"]

1. e4 c5 2. d4 cxd4 3. c3 dxc3 4. Nxc3 Nc6 5. Nf3 g6 6. Bc4 Bg7 7. Bg5 Qa5 8. Qb3 e6 9. 0-0 a6 10. a3 Nge7 11. Rfe1 Nd4 12. Nxd4 Qxg5 13. Nf3 Qa5 14. Rad1 b5 15. Bf1 Bb7 16. e5 Rd8 17. Ne4 Bxe4 18. Rxe4 Nf5 19. a4 d5 20. exd6 Nxd6 21. Rxe6+ fxe6 22. Qxe6+ Kf8 23. Rxd6 Rxd6 24. Qxd6+ Ke8 25. Ne5 Qd8 26. Qxd8+ Kxd8 27. Nf7+ Ke7 28. Nxh8 Bxh8 29. axb5 axb5 30. Bxb5 Bxb2 31. Kf1 Kf6 32. Ke2 h6 33. Kf3 Be5 34. Bd3 h5 35. h3 Bb8 36. Ke4 h4 37. f4 g5 38. f5 Bh2 1/2-1/2

[Event "Hamburg-ch qual"]
[Site "Hamburg"]
[Date "2003.11.01"]
[Round "3.17"]
[White "Jaeger, Julian"]
[Black "Broschk, Matthias"]
[Result "0-1"]
[WhiteElo "1264"]
[BlackElo "1735"]
[PlyCount "36"]
[EventDate "2003.10.18"]
[EventType "swiss"]
[EventRounds "7"]
[EventCountry "GER"]
[EventCategory "1"]
[SourceTitle "CBM 097 Extra"]
[Source "ChessBase"]
[SourceDate "2004.01.13"]
[SourceVersion "1"]
[SourceVersionDate "2004.01.13"]
[SourceQuality "1"]

1. e4 c5 2. Nf3 d6 3. d4 cxd4 4. Nxd4 Nf6 5. Nc3 a6 6. Bg5 e6 7. f4 Qc7 8. Qf3 Bd7 9. 0-0-0 Nc6 10. Nb3 Rc8 11. g4 b5 12. Kb1 b4 13. Ne2 Ne5 14. Qe3 Qxc2+ 15. Ka1 Qxd1+ 16. Nec1 Nexg4 17. Be2 Qxh1 18. Bxg4 Nxg4 0-1

[Event "Hamburg-ch qual"]
[Site "Hamburg"]
[Date "2003.10.19"]
[Round "2.12"]
[White "Urban, Ralf Dieter"]
[Black "Broschk, Matthias"]
[Result "1-0"]
[WhiteElo "1992"]
[BlackElo "1735"]
[PlyCount "43"]
[EventDate "2003.10.18"]
[EventType "swiss"]
[EventRounds "7"]
[EventCountry "GER"]
[EventCategory "1"]
[SourceTitle "CBM 097 Extra"]
[Source "ChessBase"]
[SourceDate "2004.01.13"]
[SourceVersion "1"]
[SourceVersionDate "2004.01.13"]
[SourceQuality "1"]

1. e4 c5 2. Nf3 Nc6 3. d4 cxd4 4. Nxd4 Nf6 5. Nc3 e5 6. Ndb5 a6 7. Nd6+ Bxd6 8. Qxd6 Qe7 9. Qd1 h6 10. Be2 b5 11. Be3 Qb4 12. 0-0 Ne7 13. f4 exf4 14. Rxf4 Ng6 15. Nd5 Nxd5 16. Qxd5 Nxf4 17. Bxf4 Ra7 18. Bd6 Qxb2 19. Rf1 f6 20. Bh5+ Kd8 21. Qc5 Re8 22. Qb6+ 1-0